El principe Feliz / (Record no. 28216)

MARC details
000 -LEADER
fixed length control field 00443nam a22001937a 4500
001 - CONTROL NUMBER
control field sjds
003 - CONTROL NUMBER IDENTIFIER
control field sjds
005 - DATE AND TIME OF LATEST TRANSACTION
control field 20230625185230.0
008 - FIXED-LENGTH DATA ELEMENTS--GENERAL INFORMATION
fixed length control field 230625b |||||||| |||| 00| 0 spa d
020 ## - INTERNATIONAL STANDARD BOOK NUMBER
International Standard Book Number 9682436508
020 ## - INTERNATIONAL STANDARD BOOK NUMBER
International Standard Book Number 9789682436505
040 ## - CATALOGING SOURCE
Transcribing agency sjds
041 ## - LANGUAGE CODE
Language code of text/sound track or separate title spa
100 10 - MAIN ENTRY--PERSONAL NAME
Personal name Vasquez, Zoraida
245 ## - TITLE STATEMENT
Title El principe Feliz /
Statement of responsibility, etc. Zoraida Vasquez
260 ## - PUBLICATION, DISTRIBUTION, ETC. (IMPRINT)
Place of publication, distribution, etc. Mexico :
Name of publisher, distributor, etc. Trillas,
Date of publication, distribution, etc. [1990]
300 ## - PHYSICAL DESCRIPTION
Extent 20 pgs.
942 ## - ADDED ENTRY ELEMENTS (KOHA)
Koha item type Libro/Book
Holdings
Withdrawn status Lost status Damaged status Not for loan Home library Current library Shelving location Date acquired Inventory number Total Checkouts Full call number Barcode Date last seen Date checked out Price effective from Koha item type
        San Juan Del Sur -- Biblioteca San Juan Del Sur -- Biblioteca Children's Area 25/06/2023 Inventory date: 15-5-25 1 JFI CAJA/ESTANTE ESPANOL 30023070 10/01/2026 06/01/2026 25/06/2023 Libro/Book

Powered by Koha